Game of Thrones - Personnage selon le nombre d'épisodes - Statistiques

Statistiques générales
  • Ce quiz a été pris 106 fois
  • Le résultat moyen est 30 sur 53
Statistiques - réponses
Classement Nb d'épisodes Personnages % Correct
4 60 Arya Stark
96%
1 68 Tyrion Lannister
96%
2 63 Cersei Lannister
94%
2 63 Jon Snow
92%
5 56 Jaime Lannister
91%
4 60 Sansa Stark
91%
3 62 Daenerys Targaryen
88%
10 41 Bran Stark
86%
23 23 Robb Stark
86%
20 26 Catelyn Stark
81%
19 27 Tywin Lannister
79%
19 27 Joffrey Baratheon
76%
11 39 Sandor Clegane
76%
8 46 Varys
76%
6 53 Jorah Mormont
74%
10 41 Petyr Baelish
71%
22 24 Stannis Baratheon
71%
7 48 Theon Greyjoy
69%
28 18 Tommen Lannister
69%
9 42 Brienne de Tarth
65%
29 17 Gregor Clegane
63%
12 38 Missandei
63%
28 18 Olenna Tyrell
60%
7 48 Samwell Tarly
60%
25 21 Loras Tyrell
59%
20 26 Margaery Tyrell
59%
9 42 Davos Mervault
54%
18 29 Melisandre
54%
15 34 Ver Gris
54%
13 37 Bronn de la Néra
53%
16 33 Tormund
47%
30 16 Yara Greyjoy
47%
23 23 Hodor
46%
30 16 Lancel Lannister
46%
26 20 Roose Bolton
45%
22 24 Gendry Baratheon
42%
29 17 Ygrid
42%
26 20 Ramsey Bolton
41%
21 25 Barristan Selmy
40%
14 35 Podrick Payne
40%
17 31 Mestre Pycelle
36%
19 27 Vère
36%
28 18 Daario Naharis
33%
29 17 Jaqen H'Ghar
31%
24 22 Qyburn
31%
26 20 Shae
28%
30 16 Osha
27%
27 19 Alliser Thorne
21%
30 16 Meera Reed
21%
29 17 Olly
17%
29 17 Meryn Trant
14%
24 22 Grenn
13%
15 34 Eddison Tallett
10%
Aucun quiz correspondant
Distribution des résultats
% des personnes avec chaque résultat
Percentile par nombre de réponses
Votre historique - résultats
Vous n’avez pas pris ce quiz